[Event "ROM-ch U10"]
[Site "Calimanesti Caciulata"]
[Date "2019.04.22"]
[Round "9"]
[White "Crisan, Darian Florin"]
[Black "Gutu, Catalin Vlad Aureli"]
[Result "1-0"]
[WhiteElo "1077"]
[BlackElo "1001"]
[PlyCount "65"]
[EventDate "2019.04.15"]
[EventType "swiss"]
[EventRounds "9"]
[EventCountry "ROU"]
[SourceTitle "CBM 190 Extra"]
[Source "ChessBase"]
[SourceDate "2019.07.15"]
[SourceVersion "1"]
[SourceVersionDate "2019.07.15"]
[SourceQuality "1"]

1. e4 c5 2. Nf3 d6 3. b3 e6 4. c4 a6 5. Bb2 Nf6 6. d4 cxd4 7. Nxd4 Nxe4 8. Bd3 Qh4 9. 0-0 Be7 10. Nd2 Nxd2 11. Qxd2 0-0 12. Nf3 Qg4 13. Rfe1 Nd7 14. Re4 Qh5 15. Be2 f5 16. Rxe6 Rf7 17. Ne5 Nxe5 18. Bxh5 Bxe6 19. Bxf7+ Bxf7 20. Bxe5 dxe5 21. Qd7 Bf6 22. Qxb7 Rd8 23. c5 e4 24. Rf1 Bd5 25. Qxa6 Ra8 26. Qb6 Rxa2 27. c6 Rc2 28. c7 Rc3 29. Qb8+ Kf7 30. c8Q Rxc8 31. Qxc8 Bxb3 32. Qb7+ Kg6 33. Qxb3 1-0

[Event "ROM-ch U10"]
[Site "Calimanesti Caciulata"]
[Date "2019.04.17"]
[Round "4"]
[White "Negru, Vlad"]
[Black "Gutu, Catalin Vlad Aureli"]
[Result "1-0"]
[WhiteElo "1321"]
[BlackElo "1001"]
[PlyCount "63"]
[EventDate "2019.04.15"]
[EventType "swiss"]
[EventRounds "9"]
[EventCountry "ROU"]
[SourceTitle "CBM 190 Extra"]
[Source "ChessBase"]
[SourceDate "2019.07.15"]
[SourceVersion "1"]
[SourceVersionDate "2019.07.15"]
[SourceQuality "1"]

1. d4 d5 2. Nf3 Nf6 3. e3 Bg4 4. h3 Bh5 5. Bd3 Nc6 6. g4 Bg6 7. Bxg6 hxg6 8. Nbd2 e6 9. b3 Bd6 10. Bb2 Qe7 11. Ne5 Bxe5 12. dxe5 Nd7 13. f4 g5 14. Qe2 gxf4 15. exf4 0-0-0 16. 0-0-0 Rh7 17. g5 Rdh8 18. Qe3 f6 19. gxf6 gxf6 20. exf6 Qxf6 21. Bxf6 Nxf6 22. Qxe6+ Nd7 23. Qxd5 Rxh3 24. Rxh3 Rxh3 25. Qg8+ Nd8 26. Re1 b6 27. Re8 Rh1+ 28. Kb2 Nf6 29. Rxd8+ Kb7 30. Qf7 Ng4 31. Qd5+ Ka6 32. Qxh1 1-0

[Event "ROM-ch U10"]
[Site "Calimanesti"]
[Date "2018.03.30"]
[Round "5"]
[White "Gutu, Catalin Vlad Aureli"]
[Black "Palos, Bogdan Alexandru"]
[Result "0-1"]
[WhiteElo "1001"]
[BlackElo "1039"]
[PlyCount "110"]
[EventDate "2018.03.27"]
[EventType "swiss"]
[EventRounds "9"]
[EventCountry "ROU"]
[SourceTitle "CBM 183 Extra"]
[Source "ChessBase"]
[SourceDate "2018.04.19"]
[SourceVersion "1"]
[SourceVersionDate "2018.04.19"]
[SourceQuality "1"]

1. e4 e5 2. Nf3 Nc6 3. Bc4 Bc5 4. 0-0 Nf6 5. Nc3 d6 6. d3 h6 7. Bd2 Bd7 8. h3 0-0 9. Re1 Re8 10. Nd5 a6 11. Nxf6+ Qxf6 12. a3 Qg6 13. b4 Bxh3 14. Nh4 Bg4 15. Nxg6 Bxd1 16. Raxd1 Ba7 17. Nh4 Nd4 18. c3 Nc6 19. Ng6 b5 20. Bd5 Red8 21. Bxc6 Rab8 22. Ne7+ Kf8 23. Nd5 Rbc8 24. Bb7 Rb8 25. Bxa6 c6 26. Ne3 Rb6 27. c4 Rxa6 28. cxb5 cxb5 29. Nd5 Bd4 30. Nc7 Rb6 31. Nd5 Rb7 32. Rc1 Bb2 33. Rc7 Rbb8 34. Be3 Bxa3 35. Nb6 Bxb4 36. Nd7+ Ke8 37. Nxb8 Bxe1 38. Nc6 Ra8 39. d4 exd4 40. Bxd4 g5 41. Re7+ Kf8 42. Kf1 Ra1 43. e5 Bc3+ 44. Ke2 Bxd4 45. exd6 Ra2+ 46. Kd3 Bc5 47. Rd7 Ra3+ 48. Ke2 Ra2+ 49. Kf3 Rxf2+ 50. Kg3 Rd2 51. Rd8+ Kg7 52. d7 Bd6+ 53. Kh3 Bc7 54. Rc8 Rxd7 55. Ne5 Bxe5 0-1

[Event "ROM-ch U10"]
[Site "Calimanesti"]
[Date "2018.03.28"]
[Round "2"]
[White "Gutu, Catalin Vlad Aureli"]
[Black "Lefter, Albert"]
[Result "0-1"]
[WhiteElo "1001"]
[BlackElo "1109"]
[PlyCount "54"]
[EventDate "2018.03.27"]
[EventType "swiss"]
[EventRounds "9"]
[EventCountry "ROU"]
[SourceTitle "CBM 183 Extra"]
[Source "ChessBase"]
[SourceDate "2018.04.19"]
[SourceVersion "1"]
[SourceVersionDate "2018.04.19"]
[SourceQuality "1"]

1. d4 d5 2. Nf3 Nf6 3. e3 e6 4. Bd3 Be7 5. 0-0 0-0 6. Nc3 Nbd7 7. Ng5 Re8 8. e4 dxe4 9. Ncxe4 Nxe4 10. Bxe4 Bxg5 11. f4 Bf6 12. Qh5 Bxd4+ 13. Kh1 g6 14. Qh3 Bg7 15. Be3 Nf6 16. Rfd1 Qe7 17. Bd3 e5 18. Bb5 Bxh3 19. Bxe8 Rxe8 20. gxh3 exf4 21. Bxa7 b6 22. Re1 Qd7 23. Rad1 Qc6+ 24. Kg1 Rxe1+ 25. Rxe1 Ne4 26. Rd1 Bf6 27. Rd8+ Bxd8 0-1